00499nam a2200145Ia 4500008004100000082001800041100002700059245004900086260002900135300002900164650003400193942000700227999001900234952010000253230907s9999||||xx |||||||||||||| ||und|| a579.1703bBIT aBitton, Gabriel.95831 0aEncyclopedia of environmental microbiology / aWiley,bNew York :c2002 a6 v. (xxviii, 3527 p.) : aEncyclopedias. Encyclopedias. cBK c599886d599886 00104070aCAS-EbCAS-Ed2019-10-24l0o579.1703 BITpCAS-E0003985r2023-09-12w2023-09-12yBK